banner-ar

حرية الاعلام و القانون / (Record no. 61209)

MARC details
000 -الفاتح
حقل البيانات ثابتة الطول 01089nam a22003017a 4500
005 - وقت وتاريخ اخر تعامل مع التسجيلة
رقم الضبط 20240530110449.0
008 - عناصر البيانات ثابتة الطول - معلومات عامة
حقل البيانات ثابتة الطول 150503s2012 ua g b 000 0 ara d
017 ## - رقم الايداع القانونى
رقم الايداع القانونى 14261/2011
المصدر ( الهيئة المختصة) مصر . دار الكتب المصرية
020 ## - الرقم الدولى المعيارى للكتب
الرقم الدولى المعيارى للكتاب 9789773191456
040 ## - مصدر الفهرسة
وكالة الفهرسة الأصلية EG-CaGPL
082 04 - رقم تصنيف ديوى العشرى
رقم الطبعة 21
رقم التصنيف 323.445\
رقم المادة ف ح
100 0# - المدخل الرئيسى - إسم شخصى
الإسم الشخصى فتحى حسن عامر
245 10 - بيان العنوان
العنوان حرية الاعلام و القانون /
بيان المسئوليه,etc فتحى حسن عامر
250 ## - بيان الطبعة
بيان الطبعة ط1
260 ## - PUBLICATION, DISTRIBUTION, ETC. (IMPRINT)
تاريخ النشر أو التوزيع 2012 .
300 ## - الوصف المادى
التعداد 263 ص ؛
أبعاد الوعاء 24 سم .
490 ## - بيان السلسلة
عنوان السلسلة دراسات فى الاعلام
504 ## - تبصرة ببليوجرافية
تبصرة ببليوجرافية,الخ يشتمل على ارجاعات ببليوجرافية
610 24 - المدخل الاضافى بالموضوع-اسم هيئة
اسم الهيئة أو اسم السلطة كمدخل المجلس الاعلى للصحافة
650 04 - المدخل الاضافى بالموضوع-مصطلح موضوعى
مصطلح موضوعي حرية التعبير
650 04 - المدخل الاضافى بالموضوع-مصطلح موضوعى
مصطلح موضوعي جرائم السب و القذف
650 04 - المدخل الاضافى بالموضوع-مصطلح موضوعى
مصطلح موضوعي حرية الاعلام
650 04 - المدخل الاضافى بالموضوع-مصطلح موضوعى
مصطلح موضوعي الاعلام
650 04 - المدخل الاضافى بالموضوع-مصطلح موضوعى
مصطلح موضوعي حرية الصحافة
650 04 - المدخل الاضافى بالموضوع-مصطلح موضوعى
مصطلح موضوعي الاعلام
التقسيم الفرعي العام قوانين و تشريعات
942 ## - عناصر المدخل الإضافي( كوها)
مصدر التصنيف او مخطط الترفيف Dewey Decimal Classification
Koha [default] item type كتاب
260 ## - PUBLICATION, DISTRIBUTION, ETC. (IMPRINT)
-- القاهرة :
-- العربى للنشر و التوزيع ،
Holdings
حالة التراجع حالة الفقد حالة تلف ليس للاعارة المكان المؤقت الموقع الحالى تاريخ الاكتساب اجمالي اﻻعارات رقم الطلب الباركود تاريخ اخر مشاهدة تاريخ تفعيل السعر نوع وعاء كوها
        مكتبة القاهرة الكبرى مكتبة القاهرة الكبرى 05/03/2015   323.445\ ف ح 160445 05/03/2015 05/03/2015 كتاب

Powered By

EGPV